Local variations in the sale of council houses in England, 1979-1984 (Record no. 2479)

MARC details
000 -LEADER
fixed length control field 01322cab a2200229 4500
001 - CONTROL NUMBER
control field ABS37400
008 - FIXED-LENGTH DATA ELEMENTS--GENERAL INFORMATION
fixed length control field 090401t1987 xxu||||| |||| 00| 0 eng d
035 ## - SYSTEM CONTROL NUMBER
System control number (Sirsi) u4144
041 ## - LANGUAGE CODE
Language code of text/sound track or separate title eng
100 ## - MAIN ENTRY--PERSONAL NAME
Personal name Kleinman, M.
245 ## - TITLE STATEMENT
Title Local variations in the sale of council houses in England, 1979-1984
260 ## - PUBLICATION, DISTRIBUTION, ETC.
Date of publication, distribution, etc. 1987
350 ## - PRICE (NR) (BK AM CF MU VM SE) [OBSOLETE]
Price 0
490 ## - SERIES STATEMENT
Series statement Regional Studies
Volume/sequential designation 21 (1) January 1987, 1-11 (11)
520 ## - SUMMARY, ETC.
Summary, etc. The `received view` about council house sales suggests that spatial variations in the level of sales will be very closely linked to variations in household and dwelling characteristics and to the political control of the local authority. In this paper, an assessment is made, using correlation and regression analyses,of the adequacy of the received view in explaining observed variations in sale rates between English local authority districts. Results suggest that greater importance should be given to the influence of local private housing market factors. Finally, the implications of these findings both for government housing policy and for theories about the residualisation of council housing are discussed. (Journal Abstract)
650 ## - SUBJECT ADDED ENTRY--TOPICAL TERM
Topical term or geographic name entry element OWNER-OCCUPATION
650 ## - SUBJECT ADDED ENTRY--TOPICAL TERM
Topical term or geographic name entry element RIGHT TO BUY
690 ## - LOCAL SUBJECT ADDED ENTRY--TOPICAL TERM (OCLC, RLIN)
Topical term or geographic name as entry element Block management
9 (RLIN) 6220
700 ## - ADDED ENTRY--PERSONAL NAME
Personal name Whitehead, C.
942 ## - ADDED ENTRY ELEMENTS (KOHA)
Suppress in OPAC 0
948 ## - LOCAL PROCESSING INFORMATION (OCLC); SERIES PART DESIGNATOR (RLIN)
c (OCLC) 04/03/1997
Holdings
Withdrawn status Lost status Source of classification or shelving scheme Damaged status Not for loan Home library Current library Shelving location Date acquired Total Checkouts Full call number Barcode Date last seen Copy number Price effective from Koha item type
    Dewey Decimal Classification     London London Journal article 14/09/1999   ABS37400 4144-1001 06/08/2019 1 06/08/2019 Journal article